La privatización en México : consecuencias sociales y laborales /
El material incluido en este libro es producto del seminario sobre "Privatizaciones en México", organizado por el IERD en noviembre de 1997. Se analizan las distintas etapas del proceso de privatización en México a partir de la experiencia de doce empresas. Se estudian la razones de la privatización...
I tiakina i:
| Kaituhi matua: | |
|---|---|
| Hōputu: | Pukapuka |
| Reo: | Pāniora |
| Rangatū: | (Análisis y Propuesta)
|
| Ngā marau: | |
| Ngā Tūtohu: |
Kāore He Tūtohu, Me noho koe te mea tuatahi ki te tūtohu i tēnei pūkete!
|
MARC
| LEADER | 00000nam^a2200000^a^4500 | ||
|---|---|---|---|
| 001 | 000093223 | ||
| 005 | 20250521000000.0 | ||
| 009 | 20260310092750.429 | ||
| 037 | |a Acervo ITESO - Biblioteca | ||
| 041 | |a ESP | ||
| 082 | |a 330. 972063 |b GAR | ||
| 100 | |a Garza Toledo, Enrique de la |e (coord.) | ||
| 245 | 1 | 3 | |a La privatización en México : |b consecuencias sociales y laborales / |c Coord. de E. de la Garza Toledo. |
| 264 | |a México : |b Instituto de Estudios de la Revolución Democrática, |c 1978 | ||
| 300 | |a 319 p. | ||
| 336 | |a texto |b txt |2 rdacontenido | ||
| 337 | |a sin mediación |b n |2 rdamedio | ||
| 338 | |a volumen |b nc |2 rdasoporte | ||
| 440 | 1 | |a (Análisis y Propuesta) | |
| 520 | |a El material incluido en este libro es producto del seminario sobre "Privatizaciones en México", organizado por el IERD en noviembre de 1997. Se analizan las distintas etapas del proceso de privatización en México a partir de la experiencia de doce empresas. Se estudian la razones de la privatización, así como sus efectos en los sectores más importantes de la actvidad económica y de los servicios públicos; los cambios en la organización del trabajo y en las relaciones laborales; la productividad y las tarifas, precios y calida de los servicios, y el sentido de la empresa pública. | ||
| 649 | |a XX | ||
| 650 | |a Privatización | ||
| 650 | |a Privatización | ||
| 650 | |a Privatización - |x Aspectos Sociales y Culturales | ||
| 650 | |a Privatización | ||
| 650 | |a Relaciones Laborales | ||
| 650 | |a Paraestatales | ||
| 650 | |a Política Económica | ||
| 650 | |a Neoliberalismo | ||
| 650 | |a Economía - |z México - |x Historia - |y Siglo XX | ||
| 910 | |a Fondo General | ||
| 920 | |a Impresos - Libros | ||
| 930 | |a Colección General | ||
| 905 | |a 101 | ||
| 901 | |a 0500028074 |b IT1 |c ACC |u 20250521 | ||
| 902 | |a https://opac.biblio.iteso.mx/vufind/Record/000093223 | ||